Communiqué du commandemant national sur les travaux du douzième congrès national du partie Baas socialiste arabe

Saved in:
书目详细资料
企业作者: Parti baas arab socialiste
格式: 图书
语言:英语
标签: 添加标签
没有标签, 成为第一个标记此记录!

MARC

LEADER 00000nam a2200000 4500
005 20240724170034.0
008 240724b |||||||| |||| 00| 0 eng d
040 |c GP 
110 |a Parti baas arab socialiste 
245 |a Communiqué du commandemant national sur les travaux du douzième congrès national du partie Baas socialiste arabe 
942 |2 ddc  |c BK  |n 0 
952 |0 0  |1 0  |2 ddc  |4 0  |6 084_000000000000000_PAR  |7 1  |9 1697  |a RM  |b RM  |d 2024-07-24  |l 0  |o 084 PAR  |p 444  |r 2024-07-24 17:00:55  |w 2024-07-24  |y BK 
999 |c 1510  |d 1510